Separata: el uso no sexista del lenguaje /

Bewaard in:
Bibliografische gegevens
Coauteur: Alianza Cooperativa Internacional
Formaat: Texto
Tags: Voeg label toe
Geen labels, Wees de eerste die dit record labelt!

MARC

LEADER 00000 a a2200000 04500
001 41846
003
040
110 |a Alianza Cooperativa Internacional  
245 |a Separata:   |b el uso no sexista del lenguaje /  |c Alianza Cooperativa Internacional  
773 |g (1998), páginas 12-20  
999 |c 34471  |d 34471